000 00498nam a2200193 a 4500
001 1771665851545
003 YourLibrary
005 20260221145720.0
008 260221s1990##################000#0#eng##
020 _a9780951728307
082 0 4 _a338.4762
_bKIE
100 1 _aKiely, David G.,
_eauthor.
245 1 0 _aThe Future for the Defence Industry :
260 _c1990.
300 _a282 pages
650 0 _aDefense contracts.
942 _cENGLISH
040 _aYourLibrary
_beng
_cYourLibrary
999 _c615213
_d615213